| 000 -LEADER |
| fixed length control field |
00410nam a2200157Ia 4500 |
| 008 - FIXED-LENGTH DATA ELEMENTS--GENERAL INFORMATION |
| fixed length control field |
200103s ? ||||xx |||||||||||||| ||und|| |
| 082 ## - DEWEY DECIMAL CLASSIFICATION NUMBER |
| Classification number |
670.42 |
| Item number |
ELL |
| 100 ## - MAIN ENTRY--PERSONAL NAME |
| Personal name |
Ellis, P. E. |
| 245 #3 - TITLE STATEMENT |
| Title |
An introduction to workshop practice |
| 260 ## - PUBLICATION, DISTRIBUTION, ETC. (IMPRINT) |
| Name of publisher, distributor, etc |
Blackie and Son Ltd. |
| Place of publication, distribution, etc |
London |
| Date of publication, distribution, etc |
? |
| 300 ## - PHYSICAL DESCRIPTION |
| Extent |
164 p.: ill. |
| 650 ## - SUBJECT ADDED ENTRY--TOPICAL TERM |
| Topical term or geographic name as entry element |
Marine-shop practice |
| 650 ## - SUBJECT ADDED ENTRY--TOPICAL TERM |
| Topical term or geographic name as entry element |
Workshops |
| 650 ## - SUBJECT ADDED ENTRY--TOPICAL TERM |
| Topical term or geographic name as entry element |
Machines |
| 942 ## - ADDED ENTRY ELEMENTS (KOHA) |
| Item type |
Books |